000 00542nam a2200133Ia 4500
008 100328s9999 xx 000 0 und d
082 _b65777
100 _aसाळी चेतन शंकर-अनु.
245 _aसंदर्भ महाराष्ट्र-खंड-1.
260 _bइंटेलेक्चऎुअल बुक ब्युरो.
630 _aसंदर्भ महाराष्ट्र-खंड-1.
730 _aसंदर्भ महाराष्ट्र-खंड-1.
942 _cBOOK
999 _c551522
_d551519